000 00779njm a2200265 c 4500
003 BLK
005 20240816005404.0
008 180410b bul||n||s|||||||| n|bulo|
010 _aCDD00009785000
040 _aBLK
041 _aBUL
_cDEU
100 _aBach, Johann Sebastian
_9387466
139 _aDie Konzerte Fur 2 Cembali [CD аудио]
_bD 55
245 1 0 _aDie Konzerte Fur 2 Cembali [CD аудио]
_cJohann Sebastian Bach.
245 1 0 _aThe English Concert
_sTrevor Pinnock, Kenneth Gilbert
257 _aBGR
260 Hamburg
_c1981
380 _a7
852 _aЦб CD 4214
_p0
856 4 _qpdf
_u
856 4 _qpdf
_u
942 _cCDD
_n0
944 _aCR
_c21.07.2016
_k
_lCRON CRON
944 _aED
_c21.07.2016
_kВиолета_Тройчева
999 _c229033
_d229033